000 00935nam a22002177a 4500
003 OSt
005 20251121135015.0
008 251114b |||||||| |||| 00| 0 eng d
040 _c0
082 _aDPer 370.15 J826 October-November 2020 v. 112 n. 7-8
100 _aZhang, Xiao.
_eauthor.
_969360
245 _aParent-child number application activities predict children's math trajectories from preschool to primary school /
_cXiao Zhang, Bi Ying Hu, Xinzhuo Zou, and Lixin Ren.
260 _aWashington ;
_bAmerican Psychological Association ,
_cNovember 2020.
300 _aVolume 112, pages 1521-1531 :
_billustration ;
_c28 cm.
500 _aJournal of Educational Psychology, vol. 112, no. 8, pages 1521-1231, November 2020.
700 _aXiaoxing, Zhang.
_eauthor.
_956793
710 _aHu, Bi Ying.
_eauthor.
_969361
711 _a Zou, Xinzhuo.
_jauthor.
_969362
711 _aRen, Lixin.
_jauthor.
_969363
942 _2ddc
_cPER
999 _c24197
_d24197